Statistics for Top Selling Nintendo Switch Games

Click here to take the quiz!

General Stats

  • This quiz has been taken 18 times
  • The average score is 6 of 35

Answer Stats

No. Of SalesGame% Correct
26.74MMario Kart 8: Deluxe
73%
18.06MSuper Mario Odyssey
47%
22.40MAnimal Crossing: New Horizons
40%
19.99MSuper Smash Bros. Ultimate
40%
18.60MThe Legend of Zelda: Breath of The Wild
40%
5.48MSuper Mario Maker 2
40%
10.71MSplatoon 2
33%
18.22MPokémon Sword & Shield
27%
12.20MPokémon: Let's Go, Pikachu & Let's Go, Eevee!
27%
7.44MNew Super Mario Bros. U Deluxe
27%
2.1MArms
27%
10.94MSuper Mario Party
20%
1.95MMinecraft
20%
2.25MDonkey Kong Country: Tropical Freeze
13%
2.56MKirby Star Allies
13%
2.87MFire Emblem: Three Houses
13%
3.01M1-2-Switch
13%
4MRing Fit Adventure
13%
4.38MThe Legend of Zelda: Link's Awakening
13%
6.33MLuigi's Mansion 3
13%
1.11MYoshi's Crafted World
7%
2MOctopath Traveler
7%
1.03MClubhouse Games: 51 Worldwide Classics
7%
1.18MCaptain Toad: Treasure Tracker
7%
1.09MNintendo Labo Toy-Con 1: Variety Kit
7%
1MEnter the Gungeon
0%
1.08MMarvel Ultimate Alliance 3: The Black Order
0%
1.08MAstral Chain
0%
1.26MPokémon Mystery Dungeon: Rescue Team DX
0%
1.16MPokkén Tournament DX
0%
2.75MMario Tennis Aces
0%
1.32MXenoblade Chronicles: Definitive Edition
0%
1.73MXenoblade Chronicles 2
0%
2MMario + Rabbids Kingdom Battle
0%
1MTaiko No Tatsujin: Drum 'n' Fun
0%

Score Distribution

Percentile by Number Answered

Percent of People with Each Score

Your Score History

You have not taken this quiz